00914nam a22002537a 450000100060000000300060000600500170001200800410002902000180007004000290008805000180011708200080013510000260014324500680016926000390023730000660027650500080034252001650035052100230051552100200053865000370055865000360059570000290063110011FISKH20260330091627.0260327b cb ||||| |||| 00| 0 eng d a9780545512053 aFISKHbengcFISKHdFISKH a PZ7 .T825 .M a804 aTunnell , Michael O.  aMailing May / cBy Michael O. Tunnell : Illustrated by Ted Rand aNew York : bScholastic , c1997 . a30 unnumbered pages : bcolor illustrations ; c23 X 27 cm .  aR  aIn 1914, because her family cannot afford a train ticket to her grandmother's town, May gets mailed and rides the mail car on the train to see her grandmother. 8 a740 bLexile AD 8 aR bRaz-Plus  aPostal servicevChildren's Books aGrandmothers vChildren's Books aRand , TedeIllustrator